Country Logic Puzzle by Scambigol #33 - Statistics

General Stats
  • This quiz has been taken 91 times
  • The average score is 30 of 154
Answers on the Map
Answers color-coded by a green-red scale on the quiz's map according to % correct below.
 
Answer Stats
Country % Correct
East Timor
76%
Indonesia
72%
Brunei
68%
Malaysia
68%
Papua New Guinea
64%
Thailand
56%
India
48%
San Marino
48%
Bangladesh
44%
Bhutan
44%
Cambodia
44%
China
44%
Italy
44%
Laos
44%
Myanmar
44%
Nepal
44%
Vatican City
44%
Vietnam
44%
Mongolia
40%
Pakistan
36%
Afghanistan
32%
Andorra
32%
France
32%
Iran
32%
Ireland
32%
Portugal
32%
Spain
32%
United Kingdom
32%
Croatia
28%
Monaco
28%
Morocco
28%
Slovenia
28%
Albania
24%
Armenia
24%
Bosnia and Herzegovina
24%
Bulgaria
24%
Finland
24%
Greece
24%
Hungary
24%
Kazakhstan
24%
Kosovo
24%
Kyrgyzstan
24%
Montenegro
24%
North Korea
24%
North Macedonia
24%
Norway
24%
Russia
24%
Serbia
24%
South Korea
24%
Sweden
24%
Algeria
20%
Czech Republic
20%
Mauritania
20%
Moldova
20%
Romania
20%
Senegal
20%
Slovakia
20%
Tajikistan
20%
Turkmenistan
20%
Ukraine
20%
Austria
16%
Azerbaijan
16%
Belarus
16%
Estonia
16%
Gambia
16%
Georgia
16%
Germany
16%
Guinea
16%
Guinea-Bissau
16%
Latvia
16%
Libya
16%
Liechtenstein
16%
Lithuania
16%
Mali
16%
Poland
16%
Sierra Leone
16%
Switzerland
16%
Tunisia
16%
Turkey
16%
Uzbekistan
16%
Argentina
12%
Belgium
12%
Belize
12%
Benin
12%
Bolivia
12%
Brazil
12%
Burkina Faso
12%
Canada
12%
Chad
12%
Chile
12%
Colombia
12%
Costa Rica
12%
Denmark
12%
Ecuador
12%
El Salvador
12%
Ghana
12%
Guatemala
12%
Guyana
12%
Honduras
12%
Ivory Coast
12%
Liberia
12%
Luxembourg
12%
Mexico
12%
Netherlands
12%
Nicaragua
12%
Niger
12%
Panama
12%
Paraguay
12%
Peru
12%
Suriname
12%
Togo
12%
United States
12%
Uruguay
12%
Venezuela
12%
Cameroon
8%
Egypt
8%
Iraq
8%
Israel
8%
Jordan
8%
Kuwait
8%
Lebanon
8%
Nigeria
8%
Oman
8%
Qatar
8%
Saudi Arabia
8%
Syria
8%
United Arab Emirates
8%
Yemen
8%
Angola
4%
Botswana
4%
Burundi
4%
Central African Republic
4%
Democratic Republic of the Congo
4%
Djibouti
4%
Equatorial Guinea
4%
Eritrea
4%
Eswatini
4%
Ethiopia
4%
Gabon
4%
Kenya
4%
Lesotho
4%
Malawi
4%
Mozambique
4%
Namibia
4%
Republic of the Congo
4%
Rwanda
4%
Somalia
4%
South Africa
4%
South Sudan
4%
Sudan
4%
Tanzania
4%
Uganda
4%
Zambia
4%
Zimbabwe
4%
No matching quizzes found
Score Distribution
Percent of People with Each Score
Percentile by Number Answered
Your Score History
You have not taken this quiz